Radosť moja, potešenie

Bibliographic Details
Main Authors: Kuzmány, Karol, 1806-1866 (Author), Gáll, Tomáš, 1935-2017 (Author), Žiak, Andrej, 1905-1989 (Author)
Format: Article
Language:Slovak
Subjects:

MARC

LEADER 00000nab a2200000 a 4500
001 vtls000084571
003 SK-MaSNL
005 20260304021123.0
008 140328c1981 xo 0 slo
015 |a SNBRB19rr/mm-uuuuu 
035 |a CL0094673 
040 |a SNKBUCL  |b slo  |c SNKBUCL  |e AACR2 
041 0 |a slo 
044 |a xo  |c SK 
080 |a 885.4-1  |2 1981 
100 1 |a Kuzmány, Karol,  |d 1806-1866  |4 aut  |9 93003 
245 1 0 |a Radosť moja, potešenie  |c K. Kuzmány, T. Gáll, A. Žiak 
650 0 7 |a piesne náboženské  |2 snkbucl  |9 462616 
655 7 |a články z novín a časopisov  |2 snkbucl  |9 267496 
655 7 |a články z odboru literárna veda a krásna literatúra  |2 snkbucl  |9 770045 
700 1 |a Gáll, Tomáš,  |d 1935-2017  |4 aut  |9 169845 
700 1 |a Žiak, Andrej,  |d 1905-1989  |4 aut  |9 103048 
773 0 |t Cirkevné listy  |g Roč. 94, č. 2 (1981), s. ob. /2/ 
850 |a Slovenská národná knižnica v Martine  |a MTA001 
852 |a SNK  |b KIS3GCP 
958 |a RK 
958 |a LX 
992 |a RBX 
999 |c 2603565  |d 2605495